Регионална библиотека "Любен Каравелов" - Русе

Патилата на метлата (Запис номер 205986)

MARC детайли
000 -Лидер
Контролно поле с фиксирана дължина 01551nam a2200397 c 4500
003 - Код на организацията, давaща контролен номер
Контролно поле BLK
005 - Дата и час на последна редакция
Контролно поле 20250712120502.0
008 - Елементи от данни с фиксирана дължина
fixed length control field 180411b bul|||||r ||||||| ||bul||
010 ## - Наследен системен номер
LC control number KNG00215718000
020 ## - Международен стандартен номер на книга ISBN
Международен стандартен номер на книга ISBN 9786191863167
040 ## - Източник на каталожния запис
Идентификатор на билиотеката - собственик на записа BLK
041 ## - Код за език
Код за езика на текст/звукозапис или на отделно заглавие Български
Код за езика КДБФ Български
072 #7 - Код за тематичната категория
Код организация bullib
Код за тематична категория Н85
Текст Детска художествена литература Н
080 ## - УДК
Текстов определител УДК Английска литература
УДК код - определител по УДК 821.111
УДК определител -93-1
УДК - код + определител 821.111-93-1
100 1# - Редна дума - Автор
Автор Доналдсън, Джулия
Авторска отговорност първи автор
R(LIN) 386662
139 ## - Редно поле
Редна дума Доналдсън, Джулия
Авторски знак Дон - Д 77
245 10 - Сведения за заглавието
Заглавие Патилата на метлата
Редно поле (дума) Джулия Доналдсън; ил. Аксел Шефлър; прев. в стихове Мария Донева.
257 ## - Страна на издаване
Страна на създаване/издаване Великобритания
260 ## - Област на издателските данни
Име на издателя, разпространителя и проч. Жанет 45
Година на издаване 2017
Печатница отпеч. в Китай
Място на издаване, разпространение и проч. Пловдив
300 ## - Физическа характеристика
Страници 26 с.
Илюстрации и др. с цв. ил.
Размери/Мащаб 26Х29 см
380 ## - Жанр
Жанр Детска худож. лит.
500 ## - Общи забележки
Забележка Ориг. загл. Room of the Broom / Julia Donaldson.
653 ## - Ключова дума – ненормативна
Ключова дума приказки
653 ## - Ключова дума – ненормативна
Ключова дума литература за деца
653 ## - Ключова дума – ненормативна
Ключова дума детска литература
659 ## - Тематичен бюлетин
Тематичен бюлетин Н
700 1# - Други автори (авторска отговорност)
Лично име Шефлър, Аксел
Автороска отговорност (Описва отношението между автора и произведението) ил.
9 (RLIN) 143299
700 ## - Други автори (авторска отговорност)
Лично име Донева, Мария Вичева
Автороска отговорност (Описва отношението между автора и произведението) прев. от англ.
9 (RLIN) 276983
852 ## - Местоположение
Форматна сигнатура Цб 289034
856 4# - Електронен адрес и достъп
Електронен формат pdf - файл
856 4# - Електронен адрес и достъп
Електронен формат pdf - файл
999 ## - СИСТЕМНИ КОНТРОЛНИ НОМЕРА
Koha biblionumber 205986
Koha biblioitemnumber 205986
942 ## - АРТИКУЛИ
Вид на библиотечния материал Книги
Скрит в OPAC Не
Koha issues (borrowed), all copies 187
Периодичен библиозапис Да
944 ## - СЪЗДАВАНЕ И РЕДАКЦИЯ на ЗАПИСА
Създаване/Редакция Създаване
Дата на регистрацията/редакция 28.01.2018
Статус, дата на статуса Севдалина Тодорова
Служител, извършил регистрацията/редакцията 30540
944 ## - СЪЗДАВАНЕ И РЕДАКЦИЯ на ЗАПИСА
Създаване/Редакция Редакция
Дата на регистрацията/редакция 04.03.2018
Статус, дата на статуса ф /
Служител, извършил регистрацията/редакцията Виолета_Тройчева
999 ## - СИСТЕМНИ КОНТРОЛНИ НОМЕРА
Koha biblioitemnumber 205986
Наличности
Код за отписване Код за изгубен артикул Източник на класификационната схема Код за повреда Коз за рестрикции Код за отдаване Артикулен № Име на библиотеката - собственик Име на библиотеката, в която се намира в момента Статус (Текущо местоположение) Дата на вписване в системата Местоположение - отдел Цена в лева Инвентарен номер Систематично азбучна сигнатура Баркод Номер на екземпляра Цена в евро Служебна бележка Служебен тип на артикула
  Не е изгубен Universal Decimal Classification Не е повреден без рестрикции заемане за дома 354363 Регионална библиотека "Любен Каравелов" Русе Регионална библиотека "Любен Каравелов" Русе Детски отдел 2018-01-25 Детски отдел 13.14 120000819309 ДХ 820/899/Д 77 120000819309 1 6.72 Дост: Pk Вид: Ф N: 70048 Дата: 23.01.2018 Книги
  Не е изгубен Universal Decimal Classification Не е повреден без рестрикции заемане за дома 354364 Регионална библиотека "Любен Каравелов" Русе Регионална библиотека "Любен Каравелов" Русе Детски отдел 2018-01-25 Детски отдел 13.14 120000819310 ДХ 820/899/Д 77 120000819310 2 6.72 Дост: Pk Вид: Ф N: 70048 Дата: 23.01.2018 Книги
  Не е изгубен   Не е повреден без рестрикции ползва се в читалня 354365 Регионална библиотека "Любен Каравелов" Русе Регионална библиотека "Любен Каравелов" Русе Хранилище 2018-02-12 Хранилище 19.00 120000819845 Цб 289034 120000819845 3 9.71 Дост: Dp Вид: Д N: 2 Дата: 04.01.2018 Книги
  Не е изгубен Universal Decimal Classification Не е повреден без рестрикции заемане за дома 799652 Регионална библиотека "Любен Каравелов" Русе Регионална библиотека "Любен Каравелов" Русе Подвързия, Комплектуване 2020-09-17 Детски отдел 13.50   821-93/Д 77 Д 120000847087   6.90   Книги
  Не е изгубен Universal Decimal Classification Не е повреден без рестрикции заемане за дома 799653 Регионална библиотека "Любен Каравелов" Русе Регионална библиотека "Любен Каравелов" Русе Детски отдел 2020-09-17 Детски отдел 13.50   821-93/Д 77 Д 120000847085   6.90   Книги
  Не е изгубен Universal Decimal Classification Не е повреден без рестрикции заемане за дома 799654 Регионална библиотека "Любен Каравелов" Русе Регионална библиотека "Любен Каравелов" Русе Детски отдел 2020-09-17 Детски отдел 13.50   821-93/Д 77 Д 120000847086   6.90   Книги
Vip Innovations Ltd, Rousse, Bulgaria 2025